00407nam a2200181Ia 4500003000400000005001700004006001900021007000300040008004100043024001000084037001200094040002000106041001300126082001400139100002300153245004000176260000900216OSt20220928142443.0a|||||r|||| 00| 0 ta220927b |||||||| |||| 00| 0 eng d a19701 cTextual aSDCLcSDCLbeng 2engaeng aO15:g, M3 aVatsayanan Pramila 0aSanskrit sahitya ke kuch sandharab. c1983